Hodnotenie štúdia na FCHPT : Záverečná práca

Guardado en:
Detalles Bibliográficos
Autor principal: Štefanidesová, Patrícia (Autor)
Formato: Manuscrito Libro
Lenguaje:eslovaco
Publicado: Trnava : STU v Bratislave MtF KIPP, 2002
Materias:
Etiquetas: Agregar Etiqueta
Sin Etiquetas, Sea el primero en etiquetar este registro!

MARC

LEADER 00000ntm a22000003a 4500
001 stu79341
005 20160719154944.1
008 030226s2002----xo------------------slo-d
040 |a STU  |b slo 
041 0 |a slo 
044 |a xo 
100 1 |a Štefanidesová, Patrícia  |4 aut 
245 1 |a Hodnotenie štúdia na FCHPT :  |b Záverečná práca 
260 |a Trnava :  |b STU v Bratislave MtF KIPP,  |c 2002 
300 |a 34 s 
650 7 |a kvalita štúdia  |2 stusub 
650 7 |a diagnostický výskum  |2 stusub 
650 7 |a inžinierska pedagogika  |2 stusub 
996 |b 284M061206  |c M*ZP-106  |l MMSKP  |s P  |a 0  |w stu79341_0001